Vyvážime s velkými riziky?
Určovanie rizika je jedným z dôležitých kritérií pri rozhodovaní v činnostiach s neistým výsledkom. Dôležitosť určenia rizikovosti krajín pre potenciálnych investorov a vývozcov. Bonita krajín sa skúma z politického, ekonomického a finančného hľadiska. Podľa týchto charakteristík sa krajiny členia d...
Guardado en:
| Autor principal: | |
|---|---|
| Formato: | Capítulo de libro |
| Lenguaje: | checo |
| Materias: | |
| Etiquetas: |
Sin Etiquetas, Sea el primero en etiquetar este registro!
|
MARC
| LEADER | 00000naa a2200000 4500 | ||
|---|---|---|---|
| 001 | r012368 | ||
| 005 | 20220826094720.0 | ||
| 041 | 0 | |a cze | |
| 044 | |a CZ | ||
| 245 | 1 | 0 | |a Vyvážime s velkými riziky? |c Drahomíra Dubská |
| 520 | |a Určovanie rizika je jedným z dôležitých kritérií pri rozhodovaní v činnostiach s neistým výsledkom. Dôležitosť určenia rizikovosti krajín pre potenciálnych investorov a vývozcov. Bonita krajín sa skúma z politického, ekonomického a finančného hľadiska. Podľa týchto charakteristík sa krajiny členia do 5 skupín: krajiny s veľmi nízkym, nízkym, miernym, vyšším a veľmi vysokým rizikom. Bývalá ČSFR bola na jar r. 1992 umiestená do skupiny s miernym rizikom. | ||
| 610 | 2 | 0 | |a vývoz |
| 610 | 2 | 0 | |a riziko |
| 610 | 2 | 0 | |a rozhodovanie za neurčitosti |
| 610 | 2 | 0 | |a investori |
| 610 | 2 | 0 | |a ČSFR |
| 610 | 2 | 0 | |a Čechy |
| 610 | 2 | 0 | |a Slovensko |
| 610 | 2 | 0 | |a grafy |
| 610 | 2 | 0 | |a klasifikácia |
| 100 | 1 | |a Dubská, Drahomíra | |